000 00300nam a22001337a 4500
008 170908b xxu||||| |||| 00| 0 eng d
020 _a0385071779
041 _aeng
080 _a91
100 _a42
101 _aGJEO
245 _aA GEOLOGIST'S VIEW OF CAPE COD
_cSTRAHLER, A.N
942 _2udc
_cBK
999 _c26711
_d26711